Catálogo
 En Linea

Memoria SM 2014 (Registro nro. 48884)

Detalles MARC
000 -CABECERA
campo de control de longitud fija 01000nam a2200301 a 4500
001 - NÚMERO DE CONTROL
campo de control
003 - IDENTIFICADOR DEL NÚMERO DE CONTROL
campo de control OSt
005 - FECHA Y HORA DE LA ÚLTIMA TRANSACCIÓN
campo de control 20201015091053.0
008 - DATOS DE LONGITUD FIJA--INFORMACIÓN GENERAL
campo de control de longitud fija 081126s2014 dr a 001 0 spa d
020 ## - NÚMERO INTERNACIONAL ESTÁNDAR DEL LIBRO
Número Internacional Estándar del Libro
020 ## - NÚMERO INTERNACIONAL ESTÁNDAR DEL LIBRO
Número Internacional Estándar del Libro
040 ## - FUENTE DE LA CATALOGACIÓN
Centro catalogador/agencia de origen DO-SdBNP
Lengua de catalogación spa
Centro/agencia transcriptor DO-SdBNP
082 ## - NÚMERO DE LA CLASIFICACIÓN DECIMAL DEWEY
Número de clasificación 370.1522
Número de documento/Ítem F981m
100 ## - ENTRADA PRINCIPAL--NOMBRE DE PERSONA
Nombre de persona
9 (RLIN) 1132
110 2# - ENTRADA PRINCIPAL--NOMBRE DE ENTIDAD CORPORATIVA
Nombre de entidad corporativa o nombre de jurisdicción como elemento de entrada Fundación SM (República Dominicana)
9 (RLIN) 76893
245 10 - MENCIÓN DE TÍTULO
Título Memoria SM 2014
Mención de responsabilidad, etc.
260 ## - PUBLICACIÓN, DISTRIBUCIÓN, ETC.
Lugar de publicación, distribución, etc. [Santo Domingo ]:
Nombre del editor, distribuidor, etc. SM,
Fecha de publicación, distribución, etc. 2014
300 ## - DESCRIPCIÓN FÍSICA
Extensión 143 p. :
Otras características físicas il. ;
Dimensiones 25 cm.
500 ## - NOTA GENERAL
Nota general
505 0# - NOTA DE CONTENIDO CON FORMATO
Título Carta del presidente --
-- Quienes somos? --
-- Educación --
-- Literatura infantil y juvenil --
-- Edición religiosa --
-- Alianzas con organismos e instituciones --
-- Directorio --
-- Sedes --
-- SM República Dominicana en 2014.
--
590 ## - NOTA LOCAL (RLIN)
Nota local Inventariado,2020/VM
650 #7 - PUNTO DE ACCESO ADICIONAL DE MATERIA--TÉRMINO DE MATERIA
Término de materia o nombre geográfico como elemento de entrada Planificación educativa
Subdivisión general
9 (RLIN) 1133
Subdivisión de forma Memoria
Fuente del encabezamiento o término Lemb
650 #7 - PUNTO DE ACCESO ADICIONAL DE MATERIA--TÉRMINO DE MATERIA
Término de materia o nombre geográfico como elemento de entrada Gestión educativa
Subdivisión de forma Memoria
9 (RLIN) 76894
Fuente del encabezamiento o término Lemb
650 ## - PUNTO DE ACCESO ADICIONAL DE MATERIA--TÉRMINO DE MATERIA
Término de materia o nombre geográfico como elemento de entrada
Subdivisión de forma
9 (RLIN) 76895
700 ## - PUNTO DE ACCESO ADICIONAL--NOMBRE DE PERSONA
Nombre de persona
9 (RLIN) 1134
942 ## - ELEMENTOS DE PUNTO DE ACCESO ADICIONAL (KOHA)
Fuente del sistema de clasificación o colocación Dewey Decimal Classification
Tipo de ítem Koha Libro
956 ## - LOCALIZACIÓN Y ACCESO ELECTRÓNICOS LOCAL (OCLC)
Nombre del host VMateo
Existencias
Estado de retiro Estado de pérdida Fuente del sistema de clasificación o colocación No para préstamo Localización permanente Ubicación/localización actual Fecha de adquisición Fuente de adquisición Total de préstamos Signatura topográfica completa Código de barras Fecha visto por última vez Precio válido a partir de Tipo de ítem Koha Número de copia
    Dewey Decimal Classification Préstamo en sala Biblioteca Nacional Pedro Henríquez Ureña General 15.10.2020 Búho   370.1522 F981m   15.10.2020 15.10.2020 Libro e.3
    Dewey Decimal Classification Excluido de préstamo Biblioteca Nacional Pedro Henríquez Ureña Patrimonio Dominicano 15.10.2020 Búho   370.1522 F981m 2020-0158 15.10.2020 15.10.2020 Libro  
    Dewey Decimal Classification Excluido de préstamo Biblioteca Nacional Pedro Henríquez Ureña Patrimonio Dominicano 15.10.2020 Búho   370.1522 F981m 2020-0159 15.10.2020 15.10.2020 Libro e.2

Con tecnología Koha